| 000 | 01111cad a22002295a 4500 | ||
|---|---|---|---|
| 001 | E148582 | ||
| 008 | 091005s2009 xxkdo f 000 0 eng d | ||
| 035 | _a(Sirsi) u148582 | ||
| 041 | 0 | _aeng | |
| 050 | 0 | 4 | _a333.33 $2 18 |
| 110 | 2 |
_aCushman and Wakefield _9244 |
|
| 245 | 0 | 4 |
_aSurvival to revival _bIndian realty sector on the path to recovery _h[electronic resource] |
| 260 |
_a[India] _bCushman and Wakefield _c2009 |
||
| 505 | 2 | _aExecutive summary -- Demand forecast -- Attractive locations -- Investment scenario -- Significant real estate regulations -- The road ahead for realty | |
| 520 | _aSuggests that the real estate sector in India is improving, and looks at locations in India which may prove attractive to investors. Discusses the commercial and residential sectors. | ||
| 521 | _aAdvanced | ||
| 590 | _aKA | ||
| 651 | 4 | _aIndia | |
| 690 | _aPROPERTY-PROPERTY MARKET | ||
| 856 | 4 | 0 |
_uhttps://www.cushwake.com/cwglobal/jsp/kcReportDetail.jsp?Country=GLOBAL&Language=EN&catId=100001&pId=c25500004p _zView the report free of charge (requires registration) at www.cushwake.com... |
| 942 | _n0 | ||
| 999 |
_c110118 _d110118 |
||